The Only Letter - Statistics

General Stats
  • This quiz has been taken 36 times
  • The average score is 21 of 26
Answer Stats
Hint Answer % Correct
FI_LD E
97%
YO_TH U
97%
EL_OW B
91%
HE_ST I
91%
HI_AB J
91%
BA_JO N
91%
BO_TH O
91%
AL_RM A
88%
PU_FY F
88%
BI_ON S
88%
SA_PY P
84%
RI_ID G
81%
SA_AD L
81%
TI_AL D
78%
AC_OO H
78%
AR_AY R
78%
EA_EN T
75%
CA_TI C
72%
BA_OU Y
72%
IR_ED K
69%
PI_UE Q
69%
TO_BS M
66%
GA_EL V
66%
OO_ES Z
66%
SI_TH X
63%
YO_LS W
59%
No matching quizzes found
Score Distribution
Percent of People with Each Score
Percentile by Number Answered
Your Score History
You have not taken this quiz